000 00331nam a2200133 i 4500
001 bg
100 1 _aKOSMINSKIJ, B. M.
245 0 _aAnglo -russkij slovar' po uogolnoj pomyslenosti /
_cB.M. Kosminskij.
260 _aMoskva,
_c1950.
040 _cBPK
041 _apol
942 _cKS
008 s pl f |000 0 pol
999 _c16291
_d16291